000 00257nam a2200109Ia 4500
008 190914s9999||||xx |||||||||||||| ||und||
100 _aJoseph Wolfe
245 4 _aThe Global Business Game
260 _aNew Jersey
_bWilley
_c1976
300 _a526
942 _cBK
999 _c9520
_d9520